[Event "BL 1718 (Women)"]
[Site "Germany"]
[Date "2018.02.18"]
[Round "9.2"]
[White "Kopylov, Luba"]
[Black "Muetsch, Annmarie"]
[Result "1-0"]
[WhiteElo "2115"]
[BlackElo "2137"]
[PlyCount "83"]
[EventDate "2017.10.01"]
[EventType "team-tourn"]
[EventRounds "11"]
[EventCountry "GER"]
[SourceTitle "EXT 2019"]
[Source "ChessBase"]
[SourceDate "2018.10.10"]
[SourceVersion "1"]
[SourceVersionDate "2018.10.10"]
[SourceQuality "1"]
[WhiteTeam "Kiel Doppelbauer (W)"]
[BlackTeam "Karlsruhe (W)"]
[WhiteTeamCountry "GER"]
[BlackTeamCountry "GER"]

1. d4 Nf6 2. g3 e6 3. Bg2 c5 4. c3 d5 5. Bf4 Qb6 6. Qb3 cxd4 7. Qxb6 axb6 8. cxd4 Nc6 9. Nf3 Nb4 10. Na3 Rxa3 11. bxa3 Nc2+ 12. Kd2 Nxa3 13. Ne5 Bb4+ 14. Kd3 Nd7 15. Rhc1 Nxe5+ 16. Bxe5 Bd7 17. Bxg7 Rg8 18. Be5 Bb5+ 19. Ke3 Nc4+ 20. Rxc4 Bxc4 21. Rb1 Ba5 22. a4 Kd7 23. h4 Ra8 24. h5 Kc6 25. h6 b5 26. axb5+ Bxb5 27. Rc1+ Kd7 28. Bf3 Bc4 29. Be4 f5 30. Bb1 Bb4 31. Bd3 Ra2 32. Bxc4 dxc4 33. Rxc4 Bd2+ 34. Kf3 Bxh6 35. Rc7+ Ke8 36. Rxh7 Ra3+ 37. e3 Bg5 38. Rxb7 Be7 39. g4 Ra2 40. gxf5 exf5 41. Bg3 Ra3 42. Ke2 1-0

[Event "BL 1718 (Women)"]
[Site "Germany"]
[Date "2018.01.28"]
[Round "7.2"]
[White "Bulmaga, Irina"]
[Black "Kopylov, Luba"]
[Result "1-0"]
[WhiteElo "2423"]
[BlackElo "2115"]
[PlyCount "63"]
[EventDate "2017.10.01"]
[EventType "team-tourn"]
[EventRounds "11"]
[EventCountry "GER"]
[SourceTitle "EXT 2019"]
[Source "ChessBase"]
[SourceDate "2018.10.10"]
[SourceVersion "1"]
[SourceVersionDate "2018.10.10"]
[SourceQuality "1"]
[WhiteTeam "Schwaebisch Hall (W)"]
[BlackTeam "Kiel Doppelbauer (W)"]
[WhiteTeamCountry "GER"]
[BlackTeamCountry "GER"]

1. e4 e6 2. d3 c5 3. Nf3 Nc6 4. g3 g6 5. Bg2 Bg7 6. 0-0 Nge7 7. c3 Qb6 8. Na3 d5 9. Re1 0-0 10. h3 dxe4 11. dxe4 e5 12. Qe2 Qc7 13. Nb5 Qb8 14. Rd1 h6 15. Be3 b6 16. b4 cxb4 17. cxb4 a6 18. Nd6 Nd4 19. Nxd4 exd4 20. Bxd4 Bxd4 21. Rxd4 Nc6 22. Rdd1 Ra7 23. e5 Rc7 24. Rac1 Nd4 25. Qd2 Rxc1 26. Rxc1 Nf5 27. g4 Nxd6 28. exd6 Rd8 29. Qd4 Bd7 30. Rc7 a5 31. Bd5 axb4 32. Qf6 1-0

[Event "BL 1718 (Women)"]
[Site "Germany"]
[Date "2017.12.17"]
[Round "5.2"]
[White "Lubbe, Melanie"]
[Black "Kopylov, Luba"]
[Result "1-0"]
[WhiteElo "2286"]
[BlackElo "2115"]
[PlyCount "93"]
[EventDate "2017.10.01"]
[EventType "team-tourn"]
[EventRounds "11"]
[EventCountry "GER"]
[SourceTitle "EXT 2019"]
[Source "ChessBase"]
[SourceDate "2018.10.10"]
[SourceVersion "1"]
[SourceVersionDate "2018.10.10"]
[SourceQuality "1"]
[WhiteTeam "Rodewisch (W)"]
[BlackTeam "Kiel Doppelbauer (W)"]
[WhiteTeamCountry "GER"]
[BlackTeamCountry "GER"]

1. e4 e6 2. d4 d5 3. Nc3 dxe4 4. Nxe4 Nd7 5. Bd3 Ngf6 6. Qe2 Be7 7. Nf3 h6 8. Be3 0-0 9. 0-0-0 Nxe4 10. Bxe4 Nf6 11. Bd3 c5 12. dxc5 Qa5 13. Kb1 Bxc5 14. Ne5 Bxe3 15. Qxe3 Nd5 16. Qe4 f5 17. Qe1 Qxe1 18. Rhxe1 Nf4 19. g3 Nxd3 20. Rxd3 b6 21. Rd6 g5 22. f4 Re8 23. b3 Kg7 24. Red1 Re7 25. Rd8 g4 26. Kb2 h5 27. c4 h4 28. gxh4 Bb7 29. R1d7 Rxd8 30. Rxe7+ Kf8 31. Rxb7 Rd2+ 32. Kc3 Rxh2 33. Kd4 Rxa2 34. Ng6+ Ke8 35. Re7+ Kd8 36. Rxe6 Rd2+ 37. Kc3 Rh2 38. Re5 Rh3+ 39. Kb4 a5+ 40. Ka3 a4 41. Kxa4 Rh1 42. Rxf5 Ra1+ 43. Kb4 Ra5 44. Rf8+ Kc7 45. Ne5 Kd6 46. Rf6+ Kc7 47. Rg6 1-0

[Event "BL 1718 (Women)"]
[Site "Germany"]
[Date "2017.11.19"]
[Round "3.2"]
[White "Kopylov, Luba"]
[Black "Troyke, Doreen"]
[Result "0-1"]
[WhiteElo "2115"]
[BlackElo "2085"]
[PlyCount "106"]
[EventDate "2017.10.01"]
[EventType "team-tourn"]
[EventRounds "11"]
[EventCountry "GER"]
[SourceTitle "EXT 2019"]
[Source "ChessBase"]
[SourceDate "2018.10.10"]
[SourceVersion "1"]
[SourceVersionDate "2018.10.10"]
[SourceQuality "1"]
[WhiteTeam "Kiel Doppelbauer (W)"]
[BlackTeam "Erfurt Medizin (W)"]
[WhiteTeamCountry "GER"]
[BlackTeamCountry "GER"]

1. d4 d5 2. c4 e6 3. cxd5 exd5 4. Nc3 Nf6 5. Bg5 Be7 6. e3 0-0 7. Bd3 c6 8. Qc2 h6 9. Bf4 Be6 10. h3 Nbd7 11. Nge2 Qa5 12. 0-0 Rfe8 13. a3 Nf8 14. b4 Qd8 15. Rfb1 Bd6 16. Na4 Bxf4 17. Nxf4 Qd6 18. Rb2 Bd7 19. Rc1 Rac8 20. Nc5 b6 21. Nb3 Ne4 22. Ba6 Rc7 23. Nd3 Bc8 24. Bxc8 Rexc8 25. Nd2 Nxd2 26. Qxd2 Nd7 27. Rbc2 Nf6 28. f3 Qe7 29. Ne5 c5 30. bxc5 bxc5 31. Qa5 c4 32. Kf2 Rb8 33. Re2 Rb3 34. a4 Qd6 35. Rcc2 Nd7 36. Nxd7 Qxd7 37. Rb2 Rcb7 38. Ra2 Qe6 39. e4 dxe4 40. Rxe4 Qd7 41. Rae2 Rb2 42. Qc5 Rxe2+ 43. Kxe2 Rb2+ 44. Kf1 Qxa4 45. Qc8+ Kh7 46. Qf5+ Kg8 47. Kg1 Qb5 48. Qc8+ Kh7 49. Re8 Qg5 50. Rh8+ Kg6 51. Qc6+ Kh5 52. g4+ Kh4 53. Qxc4 Qe3+ 0-1

[Event "BL2 West 1617 (Women)"]
[Site "Germany"]
[Date "2017.01.22"]
[Round "4.2"]
[White "Stoer, Agnes"]
[Black "Kopylov, Luba"]
[Result "0-1"]
[WhiteElo "1888"]
[BlackElo "2137"]
[PlyCount "136"]
[EventDate "2016.10.22"]
[EventType "team-tourn"]
[EventRounds "7"]
[EventCountry "GER"]
[SourceTitle "EXT 2018"]
[Source "ChessBase"]
[SourceDate "2017.10.13"]
[SourceVersion "1"]
[SourceVersionDate "2017.10.13"]
[SourceQuality "1"]
[WhiteTeam "Muelheim Nord (W)"]
[BlackTeam "Kiel Doppelbauer (W)"]
[WhiteTeamCountry "GER"]
[BlackTeamCountry "GER"]

1. c4 e5 2. Nc3 Bb4 3. g3 Bxc3 4. bxc3 Nc6 5. Bg2 Nge7 6. e4 d6 7. Ne2 Be6 8. d3 Qd7 9. 0-0 Bh3 10. f4 g6 11. Rb1 h5 12. fxe5 dxe5 13. Bg5 h4 14. gxh4 0-0-0 15. Rf3 Bxg2 16. Kxg2 f5 17. Qb3 b6 18. c5 Rdf8 19. Qa4 Kb7 20. Qc4 Na5 21. Qb5 Nec6 22. cxb6 axb6 23. Rbf1 Qe6 24. Qd5 Qxd5 25. exd5 Nb8 26. Kg3 Nd7 27. Rb1 Re8 28. Nc1 Kc8 29. Nb3 Nb7 30. Re1 Nd6 31. a4 e4 32. dxe4 Nxe4+ 33. Kf4 Ne5 34. Rfe3 Nf7 35. Rxe4 fxe4 36. Rxe4 Nd6 37. Re6 Ref8+ 38. Kg4 Nc4 39. Nd4 Re8 40. Nc6 Rhf8 41. Ne7+ Kd7 42. Nxg6 Rf2 43. Rxe8 Kxe8 44. h5 Kf7 45. Bf4 Ra2 46. Bxc7 Ne3+ 47. Kg5 Nxd5 48. Be5 Rg2+ 49. Kf5 Re2 50. Nf4 Ne7+ 51. Kg4 Rxe5 52. h6 Ng8 53. Nd3 Nxh6+ 54. Kf4 Ra5 55. Ne5+ Ke6 56. Nc6 Rxa4+ 57. Nd4+ Kd5 58. Kg5 Rxd4 59. cxd4 b5 60. Kxh6 b4 61. h4 b3 62. h5 b2 63. Kg7 b1Q 64. h6 Qg1+ 65. Kh8 Qg6 66. h7 Ke6 67. d5+ Kf7 68. d6 Qg7# 0-1

[Event "BL 1516 (Women)"]
[Site "Germany"]
[Date "2016.03.19"]
[Round "10.1"]
[White "Bulmaga, Irina"]
[Black "Kopylov, Luba"]
[Result "1-0"]
[WhiteElo "2372"]
[BlackElo "2156"]
[PlyCount "49"]
[EventDate "2015.09.26"]
[EventType "team-tourn"]
[EventRounds "11"]
[EventCountry "GER"]
[SourceTitle "EXT 2017"]
[Source "ChessBase"]
[SourceDate "2016.10.25"]
[SourceVersion "1"]
[SourceVersionDate "2016.10.25"]
[SourceQuality "1"]
[WhiteTeam "Schwaebisch Hall (W)"]
[BlackTeam "Kiel Doppelbauer (W)"]
[WhiteTeamCountry "GER"]
[BlackTeamCountry "GER"]

1. e4 b6 2. d4 Bb7 3. Bd3 Nf6 4. Nd2 c5 5. Ngf3 cxd4 6. e5 Nd5 7. 0-0 Nc6 8. Be4 Nf4 9. Nb3 d5 10. Bf5 Ng6 11. e6 fxe6 12. Bxe6 Qd6 13. Nbxd4 Nd8 14. Ng5 a6 15. f4 Nxe6 16. Ngxe6 Bc8 17. f5 Bxe6 18. Nxe6 Kd7 19. Re1 Nh4 20. Bf4 Qc6 21. Qg4 Qxc2 22. Qxh4 Qxf5 23. Rac1 Rc8 24. Nxf8+ Qxf8 25. Qg4+ 1-0

[Event "BL 1516 (Women)"]
[Site "Germany"]
[Date "2016.02.28"]
[Round "9.2"]
[White "Majdan, Joanna"]
[Black "Kopylov, Luba"]
[Result "1-0"]
[WhiteElo "2391"]
[BlackElo "2156"]
[PlyCount "61"]
[EventDate "2015.09.26"]
[EventType "team-tourn"]
[EventRounds "11"]
[EventCountry "GER"]
[SourceTitle "EXT 2017"]
[Source "ChessBase"]
[SourceDate "2016.10.25"]
[SourceVersion "1"]
[SourceVersionDate "2016.10.25"]
[SourceQuality "1"]
[WhiteTeam "Rodewisch (W)"]
[BlackTeam "Kiel Doppelbauer (W)"]
[WhiteTeamCountry "GER"]
[BlackTeamCountry "GER"]

1. e4 c5 2. Nf3 Nc6 3. Nc3 e6 4. d4 cxd4 5. Nxd4 Nf6 6. Ndb5 d6 7. Bf4 e5 8. Bg5 a6 9. Bxf6 gxf6 10. Na3 b5 11. Nd5 Be6 12. c3 Rg8 13. Nc2 Rg6 14. a4 Rb8 15. axb5 axb5 16. Nce3 Qd7 17. Qh5 Kd8 18. Qxh7 Ne7 19. Nxf6 Qb7 20. Qh4 Rh6 21. Nh5 b4 22. Ba6 Qc6 23. 0-0 bxc3 24. bxc3 Kc7 25. c4 Ng6 26. Qg5 Qxe4 27. Nd5+ Bxd5 28. cxd5 Nh4 29. Rfc1+ Kd7 30. Bb5+ Rxb5 31. Ra7+ 1-0

[Event "BL 1516 (Women)"]
[Site "Germany"]
[Date "2016.02.27"]
[Round "8.2"]
[White "Kopylov, Luba"]
[Black "Kindt, Ulrike"]
[Result "1/2-1/2"]
[WhiteElo "2156"]
[BlackElo "1745"]
[PlyCount "125"]
[EventDate "2015.09.26"]
[EventType "team-tourn"]
[EventRounds "11"]
[EventCountry "GER"]
[SourceTitle "EXT 2017"]
[Source "ChessBase"]
[SourceDate "2016.10.25"]
[SourceVersion "1"]
[SourceVersionDate "2016.10.25"]
[SourceQuality "1"]
[WhiteTeam "Kiel Doppelbauer (W)"]
[BlackTeam "Niederwiesa (W)"]
[WhiteTeamCountry "GER"]
[BlackTeamCountry "GER"]

1. d4 d5 2. c4 e6 3. Nc3 Nf6 4. Bg5 Be7 5. e3 0-0 6. cxd5 exd5 7. Qc2 c6 8. Bd3 h6 9. Bf4 Re8 10. Nge2 Nh5 11. 0-0-0 Nxf4 12. Nxf4 Bd6 13. Nce2 Qa5 14. Kb1 Na6 15. a3 Nc7 16. Nh5 Bg4 17. Neg3 Re6 18. Bf5 Bxd1 19. Qxd1 Rg6 20. Bxg6 fxg6 21. Nf4 g5 22. Nfh5 Nb5 23. Qd3 Bxg3 24. hxg3 Qc7 25. f4 gxf4 26. gxf4 Qe7 27. Rh3 Rf8 28. f5 Qe4 29. Qxe4 dxe4 30. g4 Nd6 31. Nf4 Kf7 32. Kc2 Kf6 33. Kc3 b6 34. b4 Nb5+ 35. Kb3 Nd6 36. a4 Rc8 37. Ne6 Nb7 38. Rh2 Nd8 39. Nxd8 Rxd8 40. Rc2 Rd6 41. b5 cxb5 42. axb5 Rd7 43. Rc6+ Kg5 44. Rg6+ Kh4 45. f6 gxf6 46. Rxh6+ Kg5 47. Rh2 Kxg4 48. Rf2 f5 49. Kc4 Rc7+ 50. Kd5 Rc3 51. Ke5 Rxe3 52. Rf4+ Kg3 53. Rxf5 Re1 54. Rf7 e3 55. Ke4 e2 56. Ke3 Rd1 57. Kxe2 Rxd4 58. Ke3 Rd5 59. Rg7+ Kh4 60. Rxa7 Rxb5 61. Kd4 Kg5 62. Kc4 Rb1 63. Rb7 1/2-1/2